Humanitas : (Registro nro. 11802)

Detalles MARC
000 -Cabecera
Campo de control interno 00490nam a2200181Ia 4500
005 - Fecha y hora del registro
control field 20260306162855.0
008 - Elementos de Longitud Fija
fixed length control field 260306t2025||||xx |||||||||||||| ||spa||
041 ## - Idioma
Codigo Idioma ESP
082 ## - DEWEY y NOTACIÓN INTERNA
Dewey HR 200
Notación Interna VERANO 2025 HUMANITAS
110 ## - AUTOR INSTTITUCIONAL
Autor Institucional Pontificia Universidad Católica de Chile
245 #0 - TÍTULO DE MATERIAL BIBLIOGRÁFICO
Título Humanitas :
Título paralelo revista de antropología y cultura cristiana
260 ## - CIUDAD, EDITORIAL, AÑO
Año 2025
300 ## - DESCRIPCIÓN
N° Páginas 156 páginas :
Dimensiones 24 cm.
650 ## - TEMAS
Temas Generalidades
654 ## - PROGRAMAS
Programa Dpto. de Humanidades
942 ## - ELEMENTOS DE KOHA
Tipo de documento Revista
Nombre del creador Justo Noguera
Código de catalogador Justo Noguera
Esquema de clasificación Dewey Decimal Classification
Suppress in OPAC
Existencias
Codigo completo Registro Colección Copia número Disponibilidad Tipo de préstamo Biblioteca Actual Procedencia (Biblioteca) Ubicacón Fecha Ingreso Tipo de Adquisición Date last seen Total checkouts Price effective from Tipo de Item Estado del Material Fuente de Clasificación Damaged status Withdrawn status
HR 200 VERANO 2025 HUMANITAS 1082793 Universidad Católica San Pablo 1 Disponible Disponible Víctor Andrés Belaunde Víctor Andrés Belaunde Planta baja abierta 03/06/2026 Suscripción 06/03/2026   06/03/2026 Revista Bueno Dewey Decimal Classification